LEADER 01146nam0 22002771i 450 001 UON00529241 005 20250901103536.450 100 $a20250901d1955 |0itac50 ba 101 $aita 102 $aIT 105 $a|||| ||||| 200 1 $aˆLo ‰o schermo demoniaco$fLotte H. Eisner$gedizione italiana a cura di Mario Verdone con una filmografia essenziale del cinema tedesco 210 $aRoma$cBianco e nero$d1955 215 $aXVI, 171 p., [48] p. di tav.$d22 cm 410 1$1001UON00529115$12001 $aCollana di studi cinematografici 606 $aCinematografo$xEspressionismo tedesco$3UONC105046$2FI 620 $aIT$dRoma$3UONL000004 700 1$aEisner$bLotte H.$3UONV290133$00 702 1$aVerdone$bMario$3UONV003386$4340 712 $aBianco e nero Editore$3UONV267993$4650 801 $aIT$bSOL$c20251114$gRICA 899 $aSIBA - SISTEMA BIBLIOTECARIO DI ATENEO$2UONSI 912 $aUON00529241 950 $aSIBA - SISTEMA BIBLIOTECARIO DI ATENEO$dSI 0237 $eSI LO 926 5 $sBuono 996 $aO schermo demoniaco$94430127 997 $aUNIOR